[Event "GER-ch Blitz"]
[Site "Magdeburg"]
[Date "2021.08.01"]
[Round "25"]
[White "Richter, Christian"]
[Black "Burian, Simon"]
[Result "1/2-1/2"]
[WhiteElo "2348"]
[BlackElo "2143"]
[PlyCount "126"]
[EventDate "2021.08.01"]
[EventType "tourn (blitz)"]
[EventRounds "29"]
[EventCountry "GER"]
[EventCategory "5"]
[SourceTitle "CBM 203 Extra"]
[Source "ChessBase"]
[SourceDate "2021.09.30"]
[SourceVersion "1"]
[SourceVersionDate "2021.09.30"]
[SourceQuality "1"]

1. d4 Nf6 2. Nf3 c5 3. d5 e6 4. Nc3 exd5 5. Nxd5 Nxd5 6. Qxd5 Nc6 7. c3 Be7 8. e4 0-0 9. Bc4 d6 10. 0-0 Bg4 11. Qd3 a6 12. Bd5 Bf6 13. Bf4 Rc8 14. Rfe1 Qd7 15. Nd2 b5 16. Bxd6 c4 17. Qg3 Rfd8 18. Bf4 Be6 19. Bxe6 Qxe6 20. Nf3 Rd3 21. e5 Be7 22. Re2 Rcd8 23. Rae1 a5 24. a3 b4 25. axb4 axb4 26. cxb4 Bxb4 27. Rf1 h6 28. h4 Nd4 29. Nxd4 R8xd4 30. Re3 Bd2 31. Rxd3 Rxd3 32. f3 Qb6+ 33. Kh2 Qxb2 34. Bxd2 Rxd2 35. f4 c3 36. Qg4 Rd8 37. e6 c2 38. e7 Re8 39. Qd7 Qb8 40. Qc6 Qc8 41. Qxc8 Rxc8 42. Rc1 Re8 43. Rxc2 Rxe7 44. Kg3 g6 45. Rc5 Kg7 46. h5 Re3+ 47. Kf2 Re7 48. Kf3 Ra7 49. hxg6 fxg6 50. Kg4 Rb7 51. g3 Rf7 52. Rc6 Re7 53. Kf3 Rd7 54. g4 Rf7 55. Kg3 Kh7 56. Rc5 Ra7 57. Rc4 Kg7 58. Kh4 Ra6 59. g5 hxg5+ 60. Kxg5 Ra5+ 61. Kg4 Kh6 62. Rc8 Rf5 63. Rc7 Rh5 1/2-1/2

[Event "GER-ch Blitz"]
[Site "Magdeburg"]
[Date "2021.08.01"]
[Round "12"]
[White "Richter, Christian"]
[Black "Kopylov, Daniel"]
[Result "1/2-1/2"]
[WhiteElo "2348"]
[BlackElo "2303"]
[PlyCount "46"]
[EventDate "2021.08.01"]
[EventType "tourn (blitz)"]
[EventRounds "29"]
[EventCountry "GER"]
[EventCategory "5"]
[SourceTitle "CBM 203 Extra"]
[Source "ChessBase"]
[SourceDate "2021.09.30"]
[SourceVersion "1"]
[SourceVersionDate "2021.09.30"]
[SourceQuality "1"]

1. d4 Nf6 2. Nf3 g6 3. g3 Bg7 4. Bg2 d5 5. 0-0 0-0 6. c4 c6 7. cxd5 cxd5 8. Ne5 Ne4 9. Nc3 Nxc3 10. bxc3 Nc6 11. Nxc6 bxc6 12. Qa4 Qb6 13. Ba3 Qa6 14. Qxa6 Bxa6 15. Rfe1 Rfe8 16. e3 e6 17. Reb1 Bf8 18. Bxf8 Kxf8 19. Rb2 Bd3 20. Bf1 Be4 21. Bg2 Bd3 22. Bf1 Be4 23. Bg2 Bd3 1/2-1/2